[Event "Internet Section 06B g/8'+2\""]
[Site "Dos Hermanas"]
[Date "2004.03.06"]
[Round "1"]
[White "Sgeethakrisnaa, Rssanthosbaala"]
[Black "Leon Hoyos, Manuel"]
[Result "0-1"]
[WhiteElo "2058"]
[BlackElo "2303"]
[PlyCount "126"]
[EventDate "2004.03.06"]
[EventType "swiss (blitz)"]
[EventRounds "9"]
[EventCountry "ESP"]
[SourceTitle "CBM 099 Extra"]
[Source "ChessBase"]
[SourceDate "2004.05.04"]
[SourceVersion "1"]
[SourceVersionDate "2004.05.04"]
[SourceQuality "1"]

1. e4 g6 2. d4 Bg7 3. Nf3 c5 4. c3 cxd4 5. cxd4 d5 6. Bb5+ Bd7 7. Bxd7+ Qxd7 8. exd5 Nf6 9. Nc3 Nxd5 10. 0-0 0-0 11. Qb3 Nxc3 12. bxc3 Nc6 13. Bb2 Rac8 14. Rfd1 Na5 15. Qc2 Nc4 16. Rac1 e6 17. Nd2 Qd5 18. Nxc4 Rxc4 19. Ba3 Rfc8 20. Qb3 b5 21. Bc5 a6 22. Qa3 Ra4 23. Qb3 Rc4 24. Qa3 Ra4 25. Qb3 Rxa2 26. c4 Rb2 27. Qxb2 Qxc5 28. cxb5 Qf8 29. Rxc8 Qxc8 30. bxa6 Qxa6 31. h3 Bf6 32. Ra1 Qd6 33. Rd1 Qd5 34. Qd2 Kg7 35. Qd3 h5 36. Qd2 Kh7 37. Qd3 Kg7 38. Qd2 Bg5 39. Qd3 Bd8 40. Qd2 Bc7 41. Qd3 Qd6 42. Qg3 Qd7 43. Qd3 Qd5 44. Qd2 h4 45. Qd3 Qd6 46. Kf1 Qh2 47. Qf3 Qd6 48. Qd3 Qd5 49. Qd2 Bh2 50. Qd3 Bf4 51. Qf3 Qb5+ 52. Qd3 Qd5 53. Qf3 Qc4+ 54. Qd3 Qd5 55. Qf3 Qd6 56. Qd3 Bh2 57. Qf3 Qd7 58. Qd3 Bc7 59. Qf3 Qd6 60. Qd3 Bb6 61. Qd2 Qd5 62. Qd3 Qd6 63. Qd2 Qh2 0-1